Essentials of business organisation and management, (Record no. 77622)

MARC details
000 -LEADER
fixed length control field 00772cam a22002411 4500
001 - CONTROL NUMBER
control field sa 68000999
003 - CONTROL NUMBER IDENTIFIER
control field DLC
005 - DATE AND TIME OF LATEST TRANSACTION
control field 20260227112429.0
008 - FIXED-LENGTH DATA ELEMENTS--GENERAL INFORMATION
fixed length control field 711108s1966 pk b 00010 eng
010 ## - LIBRARY OF CONGRESS CONTROL NUMBER
LC control number sa 68000999 //r82
025 ## - OVERSEAS ACQUISITION NUMBER
Overseas acquisition number PL480:EP-E-393
050 0# - LIBRARY OF CONGRESS CALL NUMBER
Classification number HF5500
Item number .M76 1966
100 00 - MAIN ENTRY--PERSONAL NAME
Personal name Muinuddin Khan,
Titles and words associated with a name Md.
245 10 - TITLE STATEMENT
Title Essentials of business organisation and management,
Statement of responsibility, etc. by Md. Muinuddin Khan.
250 ## - EDITION STATEMENT
Edition statement [2d rev. ed.]
260 0# - PUBLICATION, DISTRIBUTION, ETC.
Place of publication, distribution, etc. Dacca,
Name of publisher, distributor, etc. Ideal Library
Date of publication, distribution, etc. [1966]
300 ## - PHYSICAL DESCRIPTION
Extent x, 412, 266 p.
Dimensions 22 cm.
350 ## - PRICE (NR) (BK AM CF MU VM SE) [OBSOLETE]
Price Rs12.50
500 ## - GENERAL NOTE
General note "Written in accordance with the syllabus for B. Com. pass and subsidiary students of the Universities of Pakistan."
504 ## - BIBLIOGRAPHY, ETC. NOTE
Bibliography, etc. note Includes bibliographies.
650 #0 - SUBJECT ADDED ENTRY--TOPICAL TERM
Topical term or geographic name entry element Management.
650 #0 - SUBJECT ADDED ENTRY--TOPICAL TERM
Topical term or geographic name entry element Business.

No items available.

Powered by Koha